000 00684nam a22002172 4500
001 0000013000
005 20151217152119.0
008 090518s xx 000 0 eng d
020 _a8177587487 :
040 _aKABU
_cKABU
100 1 _aWitte, Robert A.
_@0000170045
245 1 0 _aElectronic test instrument :
_banalog and digital measurements /
_cRobert A. Witte.
250 _a2nd ed.
260 _aNew Delhi :
_bPearson Education,
_c2003.
300 _axvi,371 p.
650 0 _aElectronic instruments.
_@0000170046
650 0 _aElectronic measurements.
_@0000170047
852 1 _9p3600 KES
908 _a090518
950 _@1
999 _c8400
_d8400